| 000 | 00000nam 2200000zi 4500 |
| 001 | 9.912703 |
| 003 | CaOODSP |
| 005 | 20221107182632 |
| 006 | m o d f |
| 007 | cr ||||||||||| |
| 008 | 211201t20222022onco ob f000 0 eng d |
| 020 | |z9780660418636 |
| 040 | |aCaOODSP|beng|erda|cCaOODSP |
| 043 | |an-cn--- |
| 086 | 1 |aD2-452/2022E-PDF|zD2-452/2022-PDF |
| 245 | 00|aCanadian Armed Forces ethos : |btrusted to serve. |
| 264 | 1|a[Ottawa] : |bNational Defence = Défense nationale, |c[2022] |
| 264 | 4|c©2022 |
| 300 | |a1 online resource (61 pages) : |bcolor photographs |
| 336 | |atext|btxt|2rdacontent |
| 337 | |acomputer|bc|2rdamedia |
| 338 | |aonline resource|bcr|2rdacarrier |
| 500 | |aIssued also in French under title: L'éthos des Forces armées canadiennes : digne de servir. |
| 500 | |aIssued also in HTML format. |
| 504 | |aIncludes bibliographical references (pages 58-59). |
| 610 | 10|aCanada. |bCanadian Armed Forces. |
| 650 | 0|aMilitary ethics|zCanada. |
| 710 | 1 |aCanada. |bDepartment of National Defence, |eissuing body. |
| 775 | 08|tL'éthos des Forces armées canadiennes : |w(CaOODSP)9.912708 |
| 856 | 40|qPDF|s5.29 MB|uhttps://publications.gc.ca/collections/collection_2022/mdn-dnd/D2-452-2022-eng.pdf |
| 856 | 4 |qHTML|sN/A|uhttps://www.canada.ca/en/department-national-defence/corporate/reports-publications/canadian-armed-forces-ethos-trusted-to-serve.html |